00689nam a2200229 a 4500001001300000003000900013005001700022008004100039020002200080082001500102100002000117245004700137260004500184300000900229500003500238505001000273650002100283902000800304942000700312952012500319999001500444nice12345678IN_TiNIC20260116012229.0050524s1978 dela grp 000 0 eng  a0706993 c6500a305.4bPHA aPhadnis, Urmila aWomen of the Worldb Illusion and Reality/ aDelhi bVikas Pub House Pvt. Ltd. c1978 a281p aincludes index and biblioraphy2 aIndex aCatacombs-Church bSRS cBK 001040708StackRoom-aHMIbHMId2007-08-29g65.00l1o305.4 PHAp09227r2019-09-09s2019-08-21v65.00w2005-05-24yBK c6178d6178